[Event "Bundesliga 9798"]
[Site "Deutschland"]
[Date "1997.??.??"]
[Round "?.2"]
[White "Enders, Peter"]
[Black "Krasenkow, Michal"]
[Result "1/2-1/2"]
[WhiteElo "2535"]
[BlackElo "2645"]
[PlyCount "92"]
[EventDate "1997.10.??"]
[EventType "team"]
[EventRounds "15"]
[EventCountry "GER"]
[SourceTitle "Bundesliga 9798"]
[Source "DeepChess"]
[SourceDate "2005.01.01"]
[SourceVersion "1"]
[SourceVersionDate "2005.01.01"]
[SourceQuality "1"]
[WhiteTeam "PSV Turm Duisburg 1920 e.V."]
[BlackTeam "SG Bochum 31"]
[WhiteTeamCountry "GER"]
[BlackTeamCountry "GER"]

1. e4 c5 2. Nf3 Nc6 3. d4 cxd4 4. Nxd4 Nf6 5. Nc3 e5 6. Ndb5 d6 7. Bg5 a6 8.
Na3 b5 9. Bxf6 gxf6 10. Nd5 f5 11. Bd3 Be6 12. O-O Bxd5 13. exd5 Ne7 14. c3 Bg7
15. Qh5 e4 16. Bc2 Qc8 17. Rad1 Qc5 18. Nb1 O-O 19. Rfe1 Rfe8 20. Qg5 h6 21.
Qe3 Qxe3 22. Rxe3 Ng6 23. Nd2 Nf4 24. Nf1 Re5 25. Ree1 Nxd5 26. Bb3 Nf4 27.
Rxd6 a5 28. Rd7 Rf8 29. Bc2 b4 30. cxb4 axb4 31. Ne3 Rc5 32. b3 Ng6 33. Bb1 Ne5
34. Rd6 Ng6 35. Kf1 Be5 36. Rd5 Rxd5 37. Nxd5 Rd8 38. Rd1 Kg7 39. Bc2 Rb8 40.
g3 Rb5 41. Kg2 Bd6 42. f3 Ra5 43. Ne3 f4 44. Nf5+ Rxf5 45. Rxd6 exf3+ 46. Kxf3
Rh5 1/2-1/2

[Event "Bundesliga 9798"]
[Site "Deutschland"]
[Date "1997.??.??"]
[Round "?.3"]
[White "Keitlinghaus, Ludger"]
[Black "Kraut, Rainer"]
[Result "1/2-1/2"]
[WhiteElo "2525"]
[BlackElo "2470"]
[PlyCount "45"]
[EventDate "1997.10.??"]
[EventType "team"]
[EventRounds "15"]
[EventCountry "GER"]
[SourceTitle "Bundesliga 9798"]
[Source "DeepChess"]
[SourceDate "2005.01.01"]
[SourceVersion "1"]
[SourceVersionDate "2005.01.01"]
[SourceQuality "1"]
[WhiteTeam "SG Bochum 31"]
[BlackTeam "PSV Turm Duisburg 1920 e.V."]
[WhiteTeamCountry "GER"]
[BlackTeamCountry "GER"]

1. c4 e5 2. g3 Nf6 3. Bg2 Nc6 4. Nc3 Bb4 5. Nd5 a5 6. e3 O-O 7. Ne2 Nxd5 8.
cxd5 Ne7 9. a3 Bd6 10. d4 exd4 11. Qxd4 b6 12. O-O Ba6 13. Re1 c5 14. dxc6 dxc6
15. Bd2 Bc5 16. Qxd8 Rfxd8 17. Nd4 Rac8 18. b4 Bxd4 19. exd4 Nf5 20. Bc3 Nxd4
21. Bxd4 Rxd4 22. Bxc6 Bc4 23. b5 1/2-1/2

[Event "Bundesliga 9798"]
[Site "Deutschland"]
[Date "1997.??.??"]
[Round "?.4"]
[White "Thesing, Matthias"]
[Black "Schmittdiel, Eckhard"]
[Result "1-0"]
[WhiteElo "2440"]
[BlackElo "2450"]
[PlyCount "61"]
[EventDate "1997.10.??"]
[EventType "team"]
[EventRounds "15"]
[EventCountry "GER"]
[SourceTitle "Bundesliga 9798"]
[Source "DeepChess"]
[SourceDate "2005.01.01"]
[SourceVersion "1"]
[SourceVersionDate "2005.01.01"]
[SourceQuality "1"]
[WhiteTeam "PSV Turm Duisburg 1920 e.V."]
[BlackTeam "SG Bochum 31"]
[WhiteTeamCountry "GER"]
[BlackTeamCountry "GER"]

1. e4 c5 2. Nc3 Nc6 3. Bb5 g6 4. Bxc6 dxc6 5. d3 Bg7 6. Be3 b6 7. Qd2 e5 8.
Nge2 Nf6 9. h3 Qe7 10. Bh6 Qf8 11. Bxg7 Qxg7 12. Qg5 Nh5 13. g4 h6 14. Qe3 Nf6
15. O-O-O Nd7 16. Rdf1 Bb7 17. f4 exf4 18. Qxf4 Ne5 19. Ng1 O-O 20. Nf3 Rae8
21. Nxe5 Rxe5 22. Rh2 Rfe8 23. h4 Bc8 24. g5 h5 25. Qg3 R8e7 26. Rf6 Bd7 27.
Rhf2 Qf8 28. b3 Qb8 29. Qf4 Be8 30. Rxg6+ Kf8 31. Rh6 1-0

[Event "Bundesliga 9798"]
[Site "Deutschland"]
[Date "1997.??.??"]
[Round "?.5"]
[White "Bosch, Jeroen"]
[Black "Pirrot, Dieter"]
[Result "1/2-1/2"]
[WhiteElo "2405"]
[BlackElo "2410"]
[PlyCount "72"]
[EventDate "1997.10.??"]
[EventType "team"]
[EventRounds "15"]
[EventCountry "GER"]
[SourceTitle "Bundesliga 9798"]
[Source "DeepChess"]
[SourceDate "2005.01.01"]
[SourceVersion "1"]
[SourceVersionDate "2005.01.01"]
[SourceQuality "1"]
[WhiteTeam "SG Bochum 31"]
[BlackTeam "PSV Turm Duisburg 1920 e.V."]
[WhiteTeamCountry "GER"]
[BlackTeamCountry "GER"]

1. e4 e5 2. Nf3 Nc6 3. Bc4 Bc5 4. c3 Nf6 5. d4 exd4 6. cxd4 Bb4+ 7. Bd2 Bxd2+
8. Nbxd2 d5 9. exd5 Nxd5 10. Qb3 Na5 11. Qa4+ Nc6 12. Qb3 Na5 13. Qa4+ Nc6 14.
Bb5 O-O 15. Bxc6 bxc6 16. O-O Nf4 17. Rfe1 Be6 18. Qxc6 Bd5 19. Qc2 Qf6 20. Re5
c6 21. Rae1 Qh6 22. b3 f6 23. R5e3 f5 24. Nf1 Rad8 25. Rc3 Rd6 26. Ng3 Rg6 27.
Re5 Nxg2 28. Kxg2 f4 29. Rxd5 fxg3 30. Rf5 gxh2+ 31. Kh1 Qh3 32. Rxf8+ Kxf8 33.
Ng5 Qf1+ 34. Kxh2 Rxg5 35. Rf3+ Kg8 36. Qc4+ Qxc4 1/2-1/2

[Event "Bundesliga 9798"]
[Site "Deutschland"]
[Date "1997.??.??"]
[Round "?.6"]
[White "Zude, Arno"]
[Black "Ellers, Holger"]
[Result "1-0"]
[WhiteElo "2395"]
[BlackElo "2405"]
[PlyCount "53"]
[EventDate "1997.10.??"]
[EventType "team"]
[EventRounds "15"]
[EventCountry "GER"]
[SourceTitle "Bundesliga 9798"]
[Source "DeepChess"]
[SourceDate "2005.01.01"]
[SourceVersion "1"]
[SourceVersionDate "2005.01.01"]
[SourceQuality "1"]
[WhiteTeam "PSV Turm Duisburg 1920 e.V."]
[BlackTeam "SG Bochum 31"]
[WhiteTeamCountry "GER"]
[BlackTeamCountry "GER"]

1. e4 e6 2. d4 d5 3. e5 c5 4. c3 Nc6 5. Nf3 Bd7 6. Be2 Nge7 7. O-O Ng6 8. g3
Be7 9. h4 O-O 10. h5 Nh8 11. dxc5 f6 12. exf6 Bxf6 13. c4 d4 14. Bd3 Nf7 15.
Nbd2 e5 16. Qe2 Nh6 17. Nh2 Be7 18. a3 a5 19. Ne4 Be6 20. b3 Qd7 21. Bg5 Bxg5
22. Nxg5 Bf5 23. Rad1 Bxd3 24. Rxd3 Rf5 25. Ne4 Nf7 26. Qg4 Nh6 27. Nf6+ 1-0

[Event "Bundesliga 9798"]
[Site "Deutschland"]
[Date "1997.??.??"]
[Round "?.7"]
[White "Backwinkel, Paul"]
[Black "Prang, Edgar"]
[Result "1-0"]
[WhiteElo "2395"]
[BlackElo "2325"]
[PlyCount "71"]
[EventDate "1997.10.??"]
[EventType "team"]
[EventRounds "15"]
[EventCountry "GER"]
[SourceTitle "Bundesliga 9798"]
[Source "DeepChess"]
[SourceDate "2005.01.01"]
[SourceVersion "1"]
[SourceVersionDate "2005.01.01"]
[SourceQuality "1"]
[WhiteTeam "SG Bochum 31"]
[BlackTeam "PSV Turm Duisburg 1920 e.V."]
[WhiteTeamCountry "GER"]
[BlackTeamCountry "GER"]

1. d4 Nf6 2. c3 b6 3. Bg5 Bb7 4. Nd2 g6 5. Bxf6 exf6 6. Ngf3 f5 7. g3 Bg7 8.
Bg2 O-O 9. O-O d5 10. e3 Nd7 11. c4 c5 12. Rc1 cxd4 13. Nxd4 Nc5 14. N2b3 Ne4
15. c5 Rc8 16. c6 Ba6 17. Re1 h5 18. Bf1 Bxf1 19. Rxf1 h4 20. Rc2 hxg3 21. hxg3
Be5 22. Nf3 Bc7 23. Nbd4 a6 24. Ne2 Qd6 25. Kg2 Rcd8 26. Rh1 g5 27. Qd4 f6 28.
Qd3 b5 29. Nfd4 Rfe8 30. Nxf5 Qe5 31. Ned4 Bb6 32. Qd1 Bxd4 33. Rh8+ Kf7 34.
Qh5+ Ke6 35. Ng7+ Kd6 36. Nxe8+ 1-0

[Event "Bundesliga 9798"]
[Site "Deutschland"]
[Date "1997.??.??"]
[Round "?.8"]
[White "Schmitz, Joachim"]
[Black "Ankerst, Mihael"]
[Result "1/2-1/2"]
[WhiteElo "2310"]
[BlackElo "2350"]
[PlyCount "84"]
[EventDate "1997.10.??"]
[EventType "team"]
[EventRounds "15"]
[EventCountry "GER"]
[SourceTitle "Bundesliga 9798"]
[Source "DeepChess"]
[SourceDate "2005.01.01"]
[SourceVersion "1"]
[SourceVersionDate "2005.01.01"]
[SourceQuality "1"]
[WhiteTeam "PSV Turm Duisburg 1920 e.V."]
[BlackTeam "SG Bochum 31"]
[WhiteTeamCountry "GER"]
[BlackTeamCountry "GER"]

1. Nf3 Nf6 2. g3 g6 3. b3 Bg7 4. Bb2 O-O 5. Bg2 d5 6. c4 c6 7. O-O Bf5 8. d3 a5
9. Nbd2 Na6 10. a3 b5 11. Qc2 Qb6 12. e4 dxe4 13. dxe4 Nxe4 14. Bxg7 Nf6 15.
Qb2 Kxg7 16. Nd4 Rac8 17. Nxf5+ gxf5 18. Rfe1 Nc5 19. Qd4 Rfd8 20. Qe3 h6 21.
b4 axb4 22. axb4 Na4 23. c5 Qc7 24. Nf3 e6 25. Ne5 Nd5 26. Qd4 f6 27. Nf3 e5
28. Qh4 Ne7 29. Qh5 e4 30. Nh4 Rd5 31. f3 f4 32. Qg4+ Rg5 33. Qxf4 Qxf4 34.
gxf4 Rh5 35. Rxe4 Kf7 36. f5 Nc3 37. Rg4 Nxf5 38. Ra7+ Ne7 39. Ng6 Ncd5 40. f4
Ke6 41. Nxe7 Nxe7 42. Rg3 Nf5 1/2-1/2

[Event "Bundesliga 9798"]
[Site "Deutschland"]
[Date "1998.??.??"]
[Round "?.1"]
[White "Lutz, Christopher"]
[Black "Eingorn, Vereslav S"]
[Result "1/2-1/2"]
[WhiteElo "2590"]
[BlackElo "2590"]
[PlyCount "69"]
[EventDate "1997.10.??"]
[EventType "team"]
[EventRounds "15"]
[EventCountry "GER"]
[SourceTitle "Bundesliga 9798"]
[Source "DeepChess"]
[SourceDate "2005.01.01"]
[SourceVersion "1"]
[SourceVersionDate "2005.01.01"]
[SourceQuality "1"]
[WhiteTeam "SG Porz e.V."]
[BlackTeam "PSV Turm Duisburg 1920 e.V."]
[WhiteTeamCountry "GER"]
[BlackTeamCountry "GER"]

1. e4 e6 2. d4 d5 3. Nc3 Nf6 4. e5 Nfd7 5. f4 c5 6. Nf3 Nc6 7. Be3 a6 8. Qd2 b5
9. dxc5 Bxc5 10. Bxc5 Nxc5 11. Qf2 Qb6 12. Bd3 Rb8 13. O-O Na4 14. Nxa4 bxa4
15. b3 O-O 16. Rfd1 h6 17. Qxb6 Rxb6 18. Kf2 Bd7 19. Ke3 Rc8 20. Kd2 Kf8 21. h4
h5 22. Rdb1 Rcb8 23. c3 axb3 24. axb3 Rxb3 25. Rxb3 Rxb3 26. Rxa6 Ke7 27. Bc2
Rb7 28. Ra8 Rb8 29. Rxb8 Nxb8 30. Nd4 Nc6 31. Bd1 Nxd4 32. cxd4 g6 33. Be2 Ba4
34. Kc3 f5 35. Kb4 1/2-1/2

[Event "Bundesliga 9798"]
[Site "Deutschland"]
[Date "1998.??.??"]
[Round "?.4"]
[White "Unzicker, Wolfgang"]
[Black "Vaganian, Rafael A"]
[Result "1/2-1/2"]
[WhiteElo "2420"]
[BlackElo "2640"]
[PlyCount "61"]
[EventDate "1997.10.??"]
[EventType "team"]
[EventRounds "15"]
[EventCountry "GER"]
[SourceTitle "Bundesliga 9798"]
[Source "DeepChess"]
[SourceDate "2005.01.01"]
[SourceVersion "1"]
[SourceVersionDate "2005.01.01"]
[SourceQuality "1"]
[WhiteTeam "PSV Turm Duisburg 1920 e.V."]
[BlackTeam "SG Porz e.V."]
[WhiteTeamCountry "GER"]
[BlackTeamCountry "GER"]

1. d4 Nf6 2. c4 e6 3. Nf3 b6 4. g3 Ba6 5. b3 Bb4+ 6. Bd2 Be7 7. Bg2 d5 8. Nc3
c6 9. O-O O-O 10. Bf4 Nbd7 11. cxd5 cxd5 12. a4 Bb4 13. Nb5 Ne4 14. Rc1 Rc8 15.
Bc7 Qe8 16. Nxa7 Ra8 17. Nc6 Nc3 18. Rxc3 Bxc3 19. Bd6 Nf6 20. Nb4 Bxb4 21.
Bxb4 Qb8 22. Bxf8 Qxf8 23. Qd2 Qa3 24. Rb1 Ne4 25. Qb2 Qxb2 26. Rxb2 Rc8 27.
Bf1 Rc1 28. Kg2 g5 29. Nd2 Nxd2 30. Rxd2 Rb1 31. a5 1/2-1/2

[Event "Bundesliga 9798"]
[Site "Deutschland"]
[Date "1998.??.??"]
[Round "?.5"]
[White "Nijboer, Friso"]
[Black "Thesing, Matthias"]
[Result "1/2-1/2"]
[WhiteElo "2605"]
[BlackElo "2440"]
[PlyCount "94"]
[EventDate "1997.10.??"]
[EventType "team"]
[EventRounds "15"]
[EventCountry "GER"]
[SourceTitle "Bundesliga 9798"]
[Source "DeepChess"]
[SourceDate "2005.01.01"]
[SourceVersion "1"]
[SourceVersionDate "2005.01.01"]
[SourceQuality "1"]
[WhiteTeam "SG Porz e.V."]
[BlackTeam "PSV Turm Duisburg 1920 e.V."]
[WhiteTeamCountry "GER"]
[BlackTeamCountry "GER"]

1. e4 Nc6 2. Nf3 d5 3. exd5 Qxd5 4. Nc3 Qa5 5. h3 Nf6 6. Bc4 Ne5 7. Bb3 c6 8.
d4 Nxf3+ 9. Qxf3 Qf5 10. Qxf5 Bxf5 11. d5 Bd7 12. Be3 e6 13. dxe6 Bxe6 14. Bxe6
fxe6 15. O-O-O Nd5 16. Bd4 Nxc3 17. Bxc3 Rd8 18. Rxd8+ Kxd8 19. Rd1+ Ke8 20.
Rd3 Rg8 21. Bd4 a6 22. a4 b5 23. c4 c5 24. Be5 b4 25. Kd2 Be7 26. Ke3 g5 27. f3
h5 28. Ke4 h4 29. b3 Rf8 30. Rd2 Rf7 31. Rf2 Bf6 32. f4 Bxe5 33. Kxe5 Ke7 34.
f5 Rf6 35. Rf3 a5 36. fxe6 Rxe6+ 37. Kd5 Re2 38. g3 Rc2 39. gxh4 gxh4 40. Kxc5
Rc3 41. Rf4 Rxh3 42. Kb5 Rxb3 43. Rxh4 Rc3 44. Kxa5 b3 45. Rh6 Rxc4 46. Rb6 Kd7
47. Rxb3 Kc7 1/2-1/2

[Event "Bundesliga 9798"]
[Site "Deutschland"]
[Date "1998.??.??"]
[Round "?.6"]
[White "Pirrot, Dieter"]
[Black "Stangl, Markus"]
[Result "1/2-1/2"]
[WhiteElo "2410"]
[BlackElo "2530"]
[PlyCount "37"]
[EventDate "1997.10.??"]
[EventType "team"]
[EventRounds "15"]
[EventCountry "GER"]
[SourceTitle "Bundesliga 9798"]
[Source "DeepChess"]
[SourceDate "2005.01.01"]
[SourceVersion "1"]
[SourceVersionDate "2005.01.01"]
[SourceQuality "1"]
[WhiteTeam "PSV Turm Duisburg 1920 e.V."]
[BlackTeam "SG Porz e.V."]
[WhiteTeamCountry "GER"]
[BlackTeamCountry "GER"]

1. e4 c5 2. c3 e6 3. d4 d5 4. e5 Qb6 5. Nf3 Bd7 6. a3 Bb5 7. c4 Bxc4 8. Bxc4
dxc4 9. d5 Ne7 10. Qa4+ Nd7 11. dxe6 Qxe6 12. O-O h6 13. Nc3 Nc6 14. Nb5 O-O-O
15. Nxa7+ Nxa7 16. Qxa7 Nxe5 17. Qa8+ Kc7 18. Qa5+ Kc8 19. Qa8+ 1/2-1/2

[Event "Bundesliga 9798"]
[Site "Deutschland"]
[Date "1998.??.??"]
[Round "?.8"]
[White "Groth, Klaus Ulrich"]
[Black "Van der Wiel, John TH"]
[Result "0-1"]
[WhiteElo "1881"]
[BlackElo "2525"]
[PlyCount "76"]
[EventDate "1997.10.??"]
[EventType "team"]
[EventRounds "15"]
[EventCountry "GER"]
[SourceTitle "Bundesliga 9798"]
[Source "DeepChess"]
[SourceDate "2005.01.01"]
[SourceVersion "1"]
[SourceVersionDate "2005.01.01"]
[SourceQuality "1"]
[WhiteTeam "PSV Turm Duisburg 1920 e.V."]
[BlackTeam "SG Porz e.V."]
[WhiteTeamCountry "GER"]
[BlackTeamCountry "GER"]

1. c4 g6 2. Nc3 Bg7 3. g3 d6 4. Bg2 c5 5. d3 Nc6 6. Nf3 e5 7. Rb1 Nge7 8. a3 b6
9. Bd2 Bb7 10. b4 h6 11. O-O Qd7 12. b5 Nd8 13. Ne1 f5 14. Nd5 Nxd5 15. Bxd5
Bxd5 16. cxd5 g5 17. Ng2 f4 18. e3 Nf7 19. gxf4 exf4 20. exf4 O-O-O 21. Re1
Rhg8 22. Kh1 Bd4 23. Be3 Bc3 24. Rg1 Qf5 25. Qh5 Qxd5 26. a4 Kb8 27. h3 Qb7 28.
Rbc1 gxf4 29. Bxf4 Be5 30. Rc4 Rg7 31. Kh2 Rdg8 32. Bg3 Bxg3+ 33. fxg3 Rxg3 34.
Rg4 R3xg4 35. hxg4 Ne5 36. Ne1 Qd5 37. Qxh6 Qd4 38. Qh4 Nxg4+ 0-1

[Event "Bundesliga 9798"]
[Site "Deutschland"]
[Date "1997.??.??"]
[Round "?.1"]
[White "Gavrikov, Viktor"]
[Black "Sax, Gyula"]
[Result "1/2-1/2"]
[WhiteElo "2575"]
[BlackElo "2570"]
[PlyCount "22"]
[EventDate "1997.10.??"]
[EventType "team"]
[EventRounds "15"]
[EventCountry "GER"]
[SourceTitle "Bundesliga 9798"]
[Source "DeepChess"]
[SourceDate "2005.01.01"]
[SourceVersion "1"]
[SourceVersionDate "2005.01.01"]
[SourceQuality "1"]
[WhiteTeam "SK Passau 1869"]
[BlackTeam "PSV Turm Duisburg 1920 e.V."]
[WhiteTeamCountry "GER"]
[BlackTeamCountry "GER"]

1. d4 Nf6 2. Nf3 e6 3. g3 c5 4. Bg2 Nc6 5. O-O d5 6. b3 Be7 7. Bb2 O-O 8. c4
dxc4 9. bxc4 Qb6 10. Qb3 Rd8 11. e3 Bd7 1/2-1/2

[Event "Bundesliga 9798"]
[Site "Deutschland"]
[Date "1997.??.??"]
[Round "?.2"]
[White "Enders, Peter"]
[Black "Schlosser, Philipp"]
[Result "1-0"]
[WhiteElo "2535"]
[BlackElo "2550"]
[PlyCount "89"]
[EventDate "1997.10.??"]
[EventType "team"]
[EventRounds "15"]
[EventCountry "GER"]
[SourceTitle "Bundesliga 9798"]
[Source "DeepChess"]
[SourceDate "2005.01.01"]
[SourceVersion "1"]
[SourceVersionDate "2005.01.01"]
[SourceQuality "1"]
[WhiteTeam "PSV Turm Duisburg 1920 e.V."]
[BlackTeam "SK Passau 1869"]
[WhiteTeamCountry "GER"]
[BlackTeamCountry "GER"]

1. e4 c6 2. d4 d5 3. Nc3 dxe4 4. Nxe4 Bf5 5. Ng3 Bg6 6. h4 h6 7. Nf3 Nf6 8. h5
Bh7 9. Bd3 Bxd3 10. Qxd3 e6 11. Bf4 Bd6 12. Bxd6 Qxd6 13. O-O-O Nbd7 14. Kb1
O-O 15. Ne4 Nxe4 16. Qxe4 Rfd8 17. Qe2 Nf6 18. Ne5 Nd7 19. Nc4 Qc7 20. Rhf1 c5
21. d5 exd5 22. Rxd5 Nf6 23. Rxd8+ Rxd8 24. Qf3 Rd4 25. Qe2 Qf4 26. Ne3 Ne4 27.
Kc1 Nf6 28. Rh1 Nd5 29. Rd1 Qe5 30. c3 Rxd1+ 31. Kxd1 Nf4 32. Qf3 Qxh5 33. Qxh5
Nxh5 34. Nd5 Kf8 35. Ke2 Ke8 36. Kf3 Kd7 37. Ke4 Kd6 38. g4 g6 39. gxh5 f5+ 40.
Kf4 Kxd5 41. hxg6 Ke6 42. g7 Kf7 43. Kxf5 Kxg7 44. Ke6 h5 45. Kf5 1-0

[Event "Bundesliga 9798"]
[Site "Deutschland"]
[Date "1997.??.??"]
[Round "?.3"]
[White "Smejkal, Jan"]
[Black "Kraut, Rainer"]
[Result "1-0"]
[WhiteElo "2525"]
[BlackElo "2470"]
[PlyCount "78"]
[EventDate "1997.10.??"]
[EventType "team"]
[EventRounds "15"]
[EventCountry "GER"]
[SourceTitle "Bundesliga 9798"]
[Source "DeepChess"]
[SourceDate "2005.01.01"]
[SourceVersion "1"]
[SourceVersionDate "2005.01.01"]
[SourceQuality "1"]
[WhiteTeam "SK Passau 1869"]
[BlackTeam "PSV Turm Duisburg 1920 e.V."]
[WhiteTeamCountry "GER"]
[BlackTeamCountry "GER"]

1. c4 e5 2. g3 Nf6 3. Bg2 Nc6 4. Nf3 Bc5 5. O-O d6 6. e3 O-O 7. d4 Bb6 8. h3 h6
9. a3 a5 10. Nc3 Re8 11. b3 Bf5 12. Bb2 exd4 13. Nxd4 Nxd4 14. exd4 Ne4 15. Re1
Nxc3 16. Bxc3 Rxe1+ 17. Qxe1 Qd7 18. g4 Bg6 19. Qd2 c6 20. d5 c5 21. a4 Bd8 22.
Re1 b6 23. Be4 Bg5 24. Qd3 Bxe4 25. Qxe4 Rf8 26. Kg2 Bh4 27. Re3 Rd8 28. Bb2
Rf8 29. Ba1 Rd8 30. Qf5 Qxf5 31. gxf5 Kf8 32. Kf3 Rd7 33. f6 gxf6 34. Bc3 Bg5
35. Re4 Bc1 36. Re1 Ba3 37. Bd2 h5 38. Bh6+ Kg8 39. Re8+ Kh7 1-0

[Event "Bundesliga 9798"]
[Site "Deutschland"]
[Date "1997.??.??"]
[Round "?.4"]
[White "Thesing, Matthias"]
[Black "Pichler, Juergen"]
[Result "1/2-1/2"]
[WhiteElo "2440"]
[BlackElo "2395"]
[PlyCount "34"]
[EventDate "1997.10.??"]
[EventType "team"]
[EventRounds "15"]
[EventCountry "GER"]
[SourceTitle "Bundesliga 9798"]
[Source "DeepChess"]
[SourceDate "2005.01.01"]
[SourceVersion "1"]
[SourceVersionDate "2005.01.01"]
[SourceQuality "1"]
[WhiteTeam "PSV Turm Duisburg 1920 e.V."]
[BlackTeam "SK Passau 1869"]
[WhiteTeamCountry "GER"]
[BlackTeamCountry "GER"]

1. d4 d5 2. Nf3 c6 3. c4 e6 4. Qc2 Nf6 5. Bg5 Nbd7 6. e3 Be7 7. Nc3 O-O 8. Rd1
Re8 9. a3 a6 10. Bd3 h6 11. Bf4 dxc4 12. Bxc4 b5 13. Ba2 Bb7 14. Ne5 Qc8 15.
O-O c5 16. Bb1 Nf8 17. Qe2 Rd8 1/2-1/2

[Event "Bundesliga 9798"]
[Site "Deutschland"]
[Date "1997.??.??"]
[Round "?.5"]
[White "Klebel, Martin"]
[Black "Pirrot, Dieter"]
[Result "1/2-1/2"]
[WhiteElo "2410"]
[BlackElo "2410"]
[PlyCount "65"]
[EventDate "1997.10.??"]
[EventType "team"]
[EventRounds "15"]
[EventCountry "GER"]
[SourceTitle "Bundesliga 9798"]
[Source "DeepChess"]
[SourceDate "2005.01.01"]
[SourceVersion "1"]
[SourceVersionDate "2005.01.01"]
[SourceQuality "1"]
[WhiteTeam "SK Passau 1869"]
[BlackTeam "PSV Turm Duisburg 1920 e.V."]
[WhiteTeamCountry "GER"]
[BlackTeamCountry "GER"]

1. d4 Nf6 2. Nf3 g6 3. g3 Bg7 4. Bg2 O-O 5. O-O d6 6. b3 c5 7. c4 Ne4 8. Bb2
Nc6 9. Nbd2 Bf5 10. e3 Qa5 11. Nxe4 Bxe4 12. Qe2 Bxf3 13. Bxf3 cxd4 14. Bxc6 d3
15. Qxd3 Bxb2 16. Rab1 Qxa2 17. Bxb7 Rab8 18. Qc2 Rxb7 19. Rxb2 Qa3 20. Ra2 Qc5
21. Rfa1 Rfb8 22. Qe4 Qc7 23. h4 Rxb3 24. Rxa7 R3b7 25. Ra8 h5 26. Kg2 Kg7 27.
Qd4+ e5 28. Qd5 Rxa8 29. Rxa8 Rb4 30. Ra6 Rxc4 31. Rxd6 Rc5 32. Rd7 Rxd5 33.
Rxc7 1/2-1/2

[Event "Bundesliga 9798"]
[Site "Deutschland"]
[Date "1997.??.??"]
[Round "?.6"]
[White "Zude, Arno"]
[Black "Schmidt, Peter"]
[Result "1/2-1/2"]
[WhiteElo "2395"]
[BlackElo "2410"]
[PlyCount "131"]
[EventDate "1997.10.??"]
[EventType "team"]
[EventRounds "15"]
[EventCountry "GER"]
[SourceTitle "Bundesliga 9798"]
[Source "DeepChess"]
[SourceDate "2005.01.01"]
[SourceVersion "1"]
[SourceVersionDate "2005.01.01"]
[SourceQuality "1"]
[WhiteTeam "PSV Turm Duisburg 1920 e.V."]
[BlackTeam "SK Passau 1869"]
[WhiteTeamCountry "GER"]
[BlackTeamCountry "GER"]

1. e4 g6 2. d4 Bg7 3. Nc3 d6 4. Be3 a6 5. Qd2 b5 6. f3 Nd7 7. h4 h5 8. Nh3 c5
9. Ng5 Bb7 10. a4 b4 11. Nd1 Ngf6 12. c3 bxc3 13. bxc3 O-O 14. Be2 e6 15. O-O
Qa5 16. Nb2 cxd4 17. cxd4 Qxd2 18. Bxd2 Nh7 19. Be3 Nxg5 20. hxg5 d5 21. e5
Rfc8 22. Rfc1 Bf8 23. Bd2 Rxc1+ 24. Rxc1 Ba3 25. Rc2 Rc8 26. Rxc8+ Bxc8 27. Nd1
Nb6 28. a5 Nc4 29. Bxc4 dxc4 30. Ne3 Bb2 31. Nxc4 Bxd4+ 32. Be3 Ba1 33. Bc1 Bb7
34. Bb2 Bxb2 35. Nxb2 Bd5 36. Nd3 Bc4 37. Nb4 Kf8 38. g3 Ke7 39. Kf2 Kd7 40.
Ke3 Kc7 41. Kd4 Bb5 42. Kc5 Be2 43. f4 Bb5 44. Na2 Ba4 45. Nc1 Bc2 46. Ne2 Be4
47. Nd4 Bd5 48. Nc2 Bc6 49. Kc4 Bb5+ 50. Kd4 Kc6 51. Nb4+ Kd7 52. Ke4 Bf1 53.
Kf3 Kc7 54. g4 Kb7 55. gxh5 gxh5 56. Kg3 Be2 57. Kh3 Kc7 58. Kh4 Kd7 59. Kg3
Bc4 60. Kf3 Ke8 61. Kg3 Kf8 62. Kh4 Be2 63. Nc2 Kg7 64. Nd4 Bg4 65. Kg3 Kg6 66.
Kh4 1/2-1/2

[Event "Bundesliga 9798"]
[Site "Deutschland"]
[Date "1997.??.??"]
[Round "?.7"]
[White "Gross, David2"]
[Black "Schmitz, Joachim"]
[Result "1/2-1/2"]
[WhiteElo "2305"]
[BlackElo "2310"]
[PlyCount "24"]
[EventDate "1997.10.??"]
[EventType "team"]
[EventRounds "15"]
[EventCountry "GER"]
[SourceTitle "Bundesliga 9798"]
[Source "DeepChess"]
[SourceDate "2005.01.01"]
[SourceVersion "1"]
[SourceVersionDate "2005.01.01"]
[SourceQuality "1"]
[WhiteTeam "SK Passau 1869"]
[BlackTeam "PSV Turm Duisburg 1920 e.V."]
[WhiteTeamCountry "GER"]
[BlackTeamCountry "GER"]

1. Nf3 c5 2. c4 g6 3. d4 cxd4 4. Nxd4 Nc6 5. e4 Nf6 6. Nc3 d6 7. Be2 Nxd4 8.
Qxd4 Bg7 9. Bg5 O-O 10. Qe3 Be6 11. O-O Qb6 12. Qd2 Qa5 1/2-1/2

[Event "Bundesliga 9798"]
[Site "Deutschland"]
[Date "1997.??.??"]
[Round "?.8"]
[White "Groth, Klaus Ulrich"]
[Black "Goetz, Ralph"]
[Result "1/2-1/2"]
[WhiteElo "1881"]
[BlackElo "2295"]
[PlyCount "41"]
[EventDate "1997.10.??"]
[EventType "team"]
[EventRounds "15"]
[EventCountry "GER"]
[SourceTitle "Bundesliga 9798"]
[Source "DeepChess"]
[SourceDate "2005.01.01"]
[SourceVersion "1"]
[SourceVersionDate "2005.01.01"]
[SourceQuality "1"]
[WhiteTeam "PSV Turm Duisburg 1920 e.V."]
[BlackTeam "SK Passau 1869"]
[WhiteTeamCountry "GER"]
[BlackTeamCountry "GER"]

1. c4 Nf6 2. Nc3 d5 3. cxd5 Nxd5 4. g3 c5 5. Bg2 Nc7 6. d3 e5 7. Nf3 Nc6 8. O-O
Be7 9. b3 f6 10. Bb2 Bg4 11. h3 Be6 12. Nd2 Qd7 13. Kh2 Rc8 14. Rc1 O-O 15. Nc4
b6 16. Qd2 Rfd8 17. Rfd1 Nd4 18. e3 Nc6 19. Ne2 Nb4 20. d4 Qe8 21. a3 1/2-1/2